Callum Turner Filmography - Statistics

General Stats
  • This quiz has been taken 24 times
    4 since last reset
  • The average score is 12 of 35
Answer Stats
Type Year Name % Correct
Film 2018 Fantastic Beasts: The Crimes of Grindelwald
100%
Film 2022 Fantastic Beasts: The Secrets of Dumbledore
100%
Film TBA Eternity
75%
Web Mini-Series 2024 Masters of the Air
75%
Web Series TBA Neuromancer
50%
Film TBA Rosebush Pruning
50%
Film 2017 The Only Living Boy in New York
50%
Short Film 2013 Alleycats
25%
Film 2016 Assassin's Creed
25%
Film 2025 Atropia
25%
Film 2020 Divine
25%
Film 2020 Emma
25%
TV Mini-Series 2014 Glue
25%
Film 2015 Green Room
25%
Theater 2013 Hard Feelings
25%
Short Film 2012 Human Beings
25%
TV Mini-Series 2012 Leaving
25%
Film 2017 Mobile Homes
25%
Film 2014 Queen and Country
25%
TV Show 2013 Ripper Street
25%
Film TBA Rose of Nevada
25%
Director 2018 Shift the Plane
25%
TV Show 2013 The Borgias
25%
Film 2023 The Boys in the Boat
25%
TV Mini-Series 2019-2020 The Capture
25%
Theater 2011 The Colour of Home
25%
Film 2021 The Last Letter from Your Lover
25%
TV Mini-Series 2012 The Town
25%
Short Film 2010 Think of England
25%
Film 2016 Tramps
25%
Film 2015 Victor Frankenstein
25%
TV Mini-Series 2016 War & Peace
25%
Film 2017 Writer's Room
25%
Film 2011 Zero
25%
Director 2013 Splinter
0%
No matching quizzes found
Score Distribution
Percent of People with Each Score
Percentile by Number Answered
Your Score History
You have not taken this quiz since the last reset